Länder, die Rumänien am meisten besuchen - Statistiken

Allgemein
  • Dieses Quiz wurde 47 mal gespielt
  • Das Durchschnittsergebnis liegt bei 16 aus 20
Antwortstatistiken
Platz Touristenankünfte Land % Korrekt
8. ~230.000 Deutschland
100%
🥇 ~4.000.000 Ukraine
95%
🥉 ~1.600.000 Bulgarien
92%
10. ~120.000 Vereinigte Staaten
92%
🥈 ~2.700.000 Moldawien
89%
5. ~700.000 Türkei
89%
12. ~80.000 Österreich
87%
14. ~50.000 Spanien
87%
4. ~1.300.000 Ungarn
87%
11. ~100.000 Frankreich
84%
9. ~220.000 Italien
84%
7. ~250.000 Polen
84%
13. ~70.000 Griechenland
82%
15. ~50.000 Slowakei
76%
16. ~45.000 Tschechien
76%
18. ~40.000 Niederlande
74%
19. ~34.000 Portugal
74%
6. ~300.000 Vereinigtes Königreich
74%
20. ~33.000 Belgien
71%
17. ~40.000 Irland
34%
Keine übereinstimmenden Quizze gefunden
Verteilung der Resultate
Anzahl Personen mit jedem Resultat
Perzentil nach korrekt beantworteten Fragen
Ihre Resultats-Entwicklung
Sie haben dieses Quiz noch nicht gespielt